|
|
|
|
| LEADER |
00000nam a22000007a 4500 |
| 005 |
20210111232626.0 |
| 007 |
cr|||| |||| |
| 008 |
210111s2019 co |||||s|||| 00||0 spa d |
| 020 |
|
|
|a 978-958-760-170-1
|
| 035 |
|
|
|a 32544
|
| 040 |
|
|
|a vLex
|
| 090 |
|
|
|c 11076
|d 11076
|
| 100 |
1 |
|
|a Vizcan̕o, Milca̕des
|
| 245 |
1 |
0 |
|a Ciencias sociales y humanas en la Orinoquia y la Amazonia
|h [Recurso electrn̤ico] /
|c Milca̕des Vizcan̕o
|
| 256 |
|
|
|a Servicio en ln̕ea
|
| 260 |
|
|
|a Bogot:̀
|b Universidad Cooperativa de Colombia,
|c 2019
|
| 300 |
|
|
|a 1 recurso electrn̤ico
|
| 500 |
|
|
|a La coleccin̤ interdisciplinaria Estudios de la Orinoquia y la Amazonia busca generar conocimiento, fomentar la discusin̤ acadm̌ica y asumir alternativas de solucin̤ a problemas regionales en la Orinoquia y la Amazonia. Si la Orinoquia y la Amazonia son territorios especiales por su abandono histr̤ico y ellos constituyen una regin̤ n︢ica, deben tener un tratamiento especial que facilite su desarrollo y promueva el acceso al conocimiento cientf̕ico y a los bienes producidos en el mundo desarrollado con el respeto a las poblaciones ancestrales y a las culturas regionales. En este segundo volumen se encuentran trabajos relacionados con las ciencias sociales y humanas en estas regiones. Se abordan tp̤icos que van desde la educacin̤ en la Orinoquia; la geopolt̕ica, integracin̤ fs̕ica y desarrollo en la Amazona̕; pasando por los colectivos quilombolas en la Amazonia brasileą; pintura amazn̤ica contemporǹea; planes de vida de indg̕enas de la Amazona̕ y la Orinoquia; hasta el estudio del mito, el mercado y ml︢tiples ontologa̕s en un proyecto de jardn̕ forestal entre los Sater-̌Maw ̌de la Amazonia brasileą. Las temt̀icas son variadas y deben ser asumidas desde una apertura ter̤ica, metodolg̤ica y procedimental para alcanzar la comprensin̤ del fenm̤eno en sus dimensiones y en sus contextos. Palabras clave: Amazonia y Orinoquia, educacin̤, geopolt̕ica, mitologa̕, pintura amazn̤ica.
|
| 506 |
1 |
|
|a Disponible solo en los productos indicados
|d vLex Global
|d vLex Global (Academic Edition, excluding Law Schools)
|d vLex Global (U.S. Academic Edition, Law Schools)
|d vLex Global (U.S. Academic Edition, excluding Law Schools)
|d vLex Global (Academic Edition, Law Schools)
|
| 650 |
0 |
4 |
|a Ciencias sociales
|z Colombia
|
| 740 |
0 |
|
|a vLex Libros (Servicio en ln̕ea)
|
| 856 |
4 |
0 |
|u http://vlex.com/source/ciencias-sociales-y-humanas-en-la-orinoquia-y-la-amazonia-32544
|z Acceso restringido
|
| 942 |
|
|
|c BOOK
|
| 999 |
0 |
|
|a Social Sciences
|